| 000 | 00711cam a22002413a 4500 | ||
|---|---|---|---|
| 001 | 25357 | ||
| 003 | PGUSA | ||
| 005 | 20140828083539.0 | ||
| 008 | 080506s2008||||xxu|||||s|||||000 | eng d | ||
| 040 |
_aPGUSA _beng |
||
| 042 | _adc | ||
| 050 | 4 | _aPQ | |
| 100 | 1 |
_aLa Fontaine, Jean de, _d1621-1695 |
|
| 245 | 1 | 2 |
_aA Hundred Fables of La Fontaine _h[electronic resource] / _cJean de La Fontaine |
| 260 |
_bProject Gutenberg, _c2008 |
||
| 506 | _aPublic domain in the USA. | ||
| 516 | _aElectronic text | ||
| 653 | _aFables, French -- Translations into English | ||
| 700 | 1 | _aBillinghurst, Percy J. | |
| 830 | 0 |
_aProject Gutenberg _v25357 |
|
| 856 | 4 | 0 | _uhttp://www.gutenberg.org/ebooks/25357 |
| 942 | _cEB | ||
| 999 |
_c254612 _d254612 |
||